| 000 | 00000nam##2200000za#4500 |
| 001 | 9.662428 |
| 003 | CaOODSP |
| 005 | 20210615120539 |
| 007 | ta |
| 008 | 150407|2002||||xxc||||| f|0| 0 fre|d |
| 020 | |a0-662-65428-5 |
| 040 | |aCaOODSP|bfre |
| 041 | |aeng |
| 041 | |afre |
| 043 | |an-cn--- |
| 086 | 1 |aE2-210/2001 |
| 110 | 1 |aCanada.|bAffaires étrangères et Commerce international. |bDirection générale des communications. |
| 245 | 13|aLa diplomatie canadienne pendant la guerre de Corée, 1950-1953 : |bun aperçu / |cétabli par Greg Donaghy. |
| 260 | |aOttawa - Ontario : |bAffaires étrangères et Commerce international. |c2002. |
| 300 | |a23p. ; |c22 cm. |
| 563 | |aCouverture souple |
| 590 | |a02-34|b2002-08-23 |
| 691 | 07|aService diplomatique|2gcpds |
| 691 | 07|aGuerre|2gcpds |
| 691 | 07|aHistoire|2gcpds |
| 720 | 1 |aDonaghy, Greg |
| 791 | |tCanadian diplomacy and the Korean War, 1950-1953 : |eeng|w(CaOODSP)9.662427 |